书目信息 |
| 题名: |
中国古代太阳黑子研究与现代应用
|
|
| 作者: | 徐振韬 , 蒋窈窕 编著 | |
| 分册: | ||
| 出版信息: | 南京 南京大学出版社 1990.01 |
|
| 页数: | 382页 | |
| 开本: | 21cm | |
| 丛书名: | ||
| 单 册: | ||
| 中图分类: | P182.4 | |
| 科图分类: | ||
| 主题词: | 太阳系 | |
| 电子资源: | ||
| ISBN: | 7-305-00427-8 | |
| 000 | 00644nam0 2200205 45 | |
| 001 | 0409101026 | |
| 005 | 20040910103716.6 | |
| 010 | @a7-305-00427-8@dCNY6.50 | |
| 100 | @a20040910d1990 km y0chiy0120 ea | |
| 101 | 0 | @achi |
| 105 | @a z 000yy | |
| 200 | 1 | @a中国古代太阳黑子研究与现代应用@AZhong Guo Gu Dai Tai Yang Hei Zi Yan Jiu Yu Xian Dai Ying Yong@f徐振韬,蒋窈窕编著@FXu Zhen Tao,Jiang Yao Tiao Bian Zhu |
| 210 | @a南京@c南京大学出版社@d1990.01 | |
| 215 | @a382页@d21cm | |
| 606 | 0 | @a太阳系 |
| 690 | @aP182.4@v3 | |
| 701 | 0 | @a徐振韬@4编著 |
| 701 | 0 | @a蒋窈窕@4编著 |
| 801 | @aCN@bPftUser@c20040910 | |
| 905 | @f1@b241454@dP182.4@e70 | |
| 中国古代太阳黑子研究与现代应用/徐振韬,蒋窈窕编著.-南京:南京大学出版社,1990.01 |
| 382页;21cm |
| ISBN 7-305-00427-8:CNY6.50 |
| ● |
| 相关链接 |
|
|
|
|
正题名:中国古代太阳黑子研究与现代应用
索取号:P182.4/70
 
预约/预借
| 序号 | 登录号 | 条形码 | 馆藏地/架位号 | 状态 | 备注 |
| 1 | 0241454 | 001952015 | 第三借阅区/ [索取号:P182.4/70] | 在馆 | |
| 2 | 0241455 | 000628921 | 第二样本阅览室/ [索取号:P182.4/70] | 在馆 |